|
|
|
|
| LEADER |
00810nam a2200205 a 4500 |
| 001 |
000606046 |
| 003 |
CZ BrMZK |
| 005 |
20040406090806.0 |
| 007 |
ta |
| 008 |
020613s1953 xr f cze d |
| 040 |
|
|
|a BOA001
|b cze
|c BOA001
|
| 100 |
1 |
|
|a Kalas, Miloslav
|4 dis
|
| 245 |
1 |
0 |
|a O některých možnostech úpravy vajec před výrobou zmražené vaječné melanže /
|c Miloslav Kalas
|
| 260 |
|
|
|a Brno :
|b [Veterinární fakulta Vysoké školy zemědělské,
|c 1953]
|
| 300 |
|
|
|a 84 s., 12 s. obr. příl.
|
| 502 |
|
|
|a Disertace -- Vysoká škola zemědělská v Brně, 1953
|
| 710 |
2 |
|
|a Vysoká škola zemědělská v Brně.
|b Veterinární fakulta
|7 kn20010710397
|
| 910 |
|
|
|a BOA001
|b 4-0309.802
|
| 990 |
|
|
|a BK
|
| 996 |
6 |
|
|b 2619359135
|c 4-0309.802
|l MZK
|r Sklad / do 24 hodin
|n 2
|w 000606046
|u 000010
|a 1
|e BOA001
|j MZK50
|s P
|